000 00840nas a2200265 4500
001 BR9202990
003 BR-BrBNA
005 20231205092602.0
007 ta
008 230509b bl.|||p| |||| 00| 00por d
040 _aBR-BrBNA
_bpor
_cBiblioteca Nacional de Agricultura
041 _a(Pt)
072 _aE21
100 1 _aValerio, A.C.R.
100 1 _aFurtuoso, M.C.O.
100 1 _aCanale, A.Z.
245 1 _aAvaliacao de tecidos que receberam acabamento de "minimos cuidados"
246 1 _aEvaluation of "minimum-care" treated textiles
650 _aINDUSTRIA TEXTIL
650 _aFIBRA VEGETAL
650 _aALGODAO
773 0 _tAnais da Escola Superior de Agricultura Luiz de Queiroz (Brazil)
_xISSN 0071-1276
_g(1990), v.47(2) p. 625-639
_wBR9202990
909 _a202311
_bLúcia
_c55
_dLúcia Elande
942 _2AGRIS
_n0
_cANA
999 _c132670
_d132670